[Event "ESP-chT CECLUB Div2"]
[Site "Linares"]
[Date "2023.08.13"]
[Round "1.5"]
[White "Gutierrez Castillo, Paloma"]
[Black "Magarino Carraleros, Daylin"]
[Result "0-1"]
[WhiteElo "1990"]
[BlackElo "1935"]
[PlyCount "102"]
[EventDate "2023.08.13"]
[EventType "team-swiss"]
[EventRounds "7"]
[EventCountry "ESP"]
[SourceTitle "EXT 2024"]
[Source "ChessBase"]
[SourceDate "2023.10.10"]
[SourceVersion "1"]
[SourceVersionDate "2023.10.10"]
[SourceQuality "1"]
[WhiteTeam "Prodomasa Coin"]
[BlackTeam "Abadino"]
[WhiteTeamCountry "ESP"]
[BlackTeamCountry "ESP"]

1. e4 c5 2. Nf3 g6 3. Bc4 Bg7 4. c3 e6 5. e5 d6 6. exd6 Qxd6 7. 0-0 Nc6 8. d3 Nf6 9. Nbd2 0-0 10. Ne4 Nxe4 11. dxe4 Qc7 12. Be3 b6 13. Qc1 Bb7 14. Bh6 Ne5 15. Nxe5 Qxe5 16. Re1 Bxh6 17. Qxh6 Rfd8 18. Re3 Qg7 19. Qg5 Bc6 20. e5 Rd2 21. Re2 Rxe2 22. Bxe2 h6 23. Qe3 Rd8 24. Rf1 Kh7 25. f4 Qf8 26. Rd1 Rxd1+ 27. Bxd1 Qd8 28. Be2 Bd5 29. Qd2 Qa8 30. Ba6 Bxa2 31. Qd7 Kg7 32. Bb7 Qf8 33. Bc6 c4 34. Qxa7 Qc5+ 35. Kh1 Qf2 36. h3 Qf1+ 37. Kh2 Qxf4+ 38. Kh1 Qc1+ 39. Kh2 Qxb2 40. Qe7 Qf2 41. Bf3 Qd2 42. Qf6+ Kg8 43. Qe7 Qf4+ 44. Kh1 Qxe5 45. Qd8+ Kg7 46. Qxb6 Qxc3 47. Qc7 Qd4 48. Bc6 c3 49. Be8 e5 50. Bd7 Bd5 51. Kh2 Qe4 0-1

[Event "Giraldilla de La Habana op"]
[Site "Havana"]
[Date "2018.08.02"]
[Round "8"]
[White "Magarino Carraleros, Daylin"]
[Black "Balboa Gonzalez, Roberto"]
[Result "1-0"]
[WhiteElo "1928"]
[BlackElo "2077"]
[PlyCount "53"]
[EventDate "2018.07.28"]
[EventType "swiss"]
[EventRounds "9"]
[EventCountry "CUB"]
[SourceTitle "EXT 2021"]
[Source "ChessBase"]
[SourceDate "2020.10.23"]
[SourceVersion "1"]
[SourceVersionDate "2020.10.23"]
[SourceQuality "1"]

1. e4 d5 2. exd5 Qxd5 3. Nc3 Qa5 4. Bc4 Nf6 5. d4 c6 6. Nf3 Bg4 7. h3 Bh5 8. g4 Bg6 9. Bd2 Qc7 10. Qe2 Nbd7 11. 0-0-0 0-0-0 12. Ne5 Nxe5 13. dxe5 Nd5 14. e6 h6 15. Rhe1 h5 16. f4 f5 17. Nxd5 cxd5 18. Bd3 Be8 19. gxf5 g6 20. Qf2 d4 21. fxg6 Bg7 22. f5 Ba4 23. Kb1 Rd5 24. Bf4 Qa5 25. Qd2 Qb6 26. Bg5 Qc7 27. Qb4 1-0

[Event "Portela Memorial tt"]
[Site "Havana"]
[Date "2018.07.23"]
[Round "8.3"]
[White "Magarino Carraleros, Daylin"]
[Black "Walker Gomez, Cristobal Newton"]
[Result "0-1"]
[WhiteElo "1928"]
[BlackElo "1916"]
[PlyCount "74"]
[EventDate "2018.07.16"]
[EventType "team-tourn"]
[EventRounds "9"]
[EventCountry "CUB"]
[SourceTitle "EXT 2021"]
[Source "ChessBase"]
[SourceDate "2020.10.23"]
[SourceVersion "1"]
[SourceVersionDate "2020.10.23"]
[SourceQuality "1"]

1. e4 c5 2. Nf3 d6 3. Bb5+ Nc6 4. Bxc6+ bxc6 5. d3 g6 6. e5 Bg7 7. Qe2 Nh6 8. Nc3 0-0 9. 0-0 Qc7 10. Bf4 Bg4 11. h3 Bxf3 12. Qxf3 dxe5 13. Be3 c4 14. dxc4 f5 15. Qe2 Rab8 16. Bc1 e4 17. Rb1 Nf7 18. Na4 Qa5 19. b3 Rfd8 20. Be3 Bd4 21. Bxd4 Rxd4 22. Rbd1 Rbd8 23. Rxd4 Rxd4 24. Rd1 Qd8 25. Rxd4 Qxd4 26. Qe3 e5 27. Qxd4 exd4 28. Kf1 Kf8 29. Ke2 Ke7 30. Nc5 Kd6 31. Nb7+ Ke5 32. Nc5 f4 33. Nd7+ Kf5 34. Nb8 Nd8 35. Nd7 g5 36. Nc5 h5 37. Nb7 Nxb7 0-1

[Event "Portela Memorial tt"]
[Site "Havana"]
[Date "2018.07.20"]
[Round "4.5"]
[White "Magarino Carraleros, Daylin"]
[Black "Lopez Betancourt, Bryan"]
[Result "1/2-1/2"]
[WhiteElo "1928"]
[BlackElo "1883"]
[PlyCount "82"]
[EventDate "2018.07.16"]
[EventType "team-tourn"]
[EventRounds "9"]
[EventCountry "CUB"]
[SourceTitle "EXT 2021"]
[Source "ChessBase"]
[SourceDate "2020.10.23"]
[SourceVersion "1"]
[SourceVersionDate "2020.10.23"]
[SourceQuality "1"]

1. e4 e6 2. d3 d5 3. Nd2 c5 4. g3 Nc6 5. Bg2 Nf6 6. Ngf3 Bd6 7. 0-0 0-0 8. Re1 Qc7 9. Qe2 e5 10. exd5 Nxd5 11. Nc4 Nf6 12. Bg5 Nd7 13. c3 h6 14. Be3 Nf6 15. h3 Bd7 16. Nfd2 Rad8 17. Ne4 Nxe4 18. dxe4 Be6 19. Nxd6 Qxd6 20. Red1 Qc7 21. Bxc5 Rxd1+ 22. Rxd1 Rd8 23. a3 b6 24. Be3 Qc8 25. Rxd8+ Qxd8 26. Qd2 Qxd2 27. Bxd2 Na5 28. Bf1 Nc4 29. Bxc4 Bxc4 30. f4 exf4 31. gxf4 Bd3 32. e5 b5 33. Kf2 h5 34. h4 g6 35. Ke3 Bc4 36. Kd4 Kf8 37. a4 a6 38. Kc5 Ke7 39. a5 Kd7 40. Kb6 b4 41. Kc5 bxc3 1/2-1/2

[Event "Guillermo Garcia Memorial op 27th"]
[Site "Santa Clara"]
[Date "2018.05.31"]
[Round "9"]
[White "Magarino Carraleros, Daylin"]
[Black "Perez Marimon, Jorge De Jesus"]
[Result "1/2-1/2"]
[WhiteElo "1902"]
[BlackElo "2076"]
[PlyCount "86"]
[EventDate "2018.05.22"]
[EventType "swiss"]
[EventRounds "9"]
[EventCountry "CUB"]
[SourceTitle "CBM 184 Extra"]
[Source "ChessBase"]
[SourceDate "2018.06.28"]
[SourceVersion "1"]
[SourceVersionDate "2018.06.28"]
[SourceQuality "1"]

1. e4 e5 2. Nf3 Nc6 3. Bb5 a6 4. Ba4 Nf6 5. 0-0 Be7 6. Re1 b5 7. Bb3 d6 8. c3 0-0 9. h3 Bb7 10. d3 Na5 11. Bc2 c5 12. Nbd2 Nc6 13. Nf1 Re8 14. Ng3 g6 15. Bh6 Nd7 16. Qd2 Bf6 17. Ng5 Nb6 18. Rad1 d5 19. exd5 Qxd5 20. Bb3 c4 21. dxc4 Qxd2 22. Rxd2 bxc4 23. Bc2 Rad8 24. Red1 Rxd2 25. Rxd2 Rd8 26. N5e4 Be7 27. Rxd8+ Nxd8 28. Be3 Nd5 29. Bc5 Kf8 30. Bxe7+ Kxe7 31. Nc5 f5 32. Nxb7 Nxb7 33. Ne2 Nc5 34. b3 cxb3 35. axb3 a5 36. Kf1 Kd6 37. Ke1 Ne6 38. Bd3 e4 39. Bc4 f4 40. g3 g5 41. Kd2 f3 42. Nd4 Nxd4 43. cxd4 h6 1/2-1/2

[Event "Guillermo Garcia Memorial op 27th"]
[Site "Santa Clara"]
[Date "2018.05.30"]
[Round "8"]
[White "Lemus Morales, Diego Enrique"]
[Black "Magarino Carraleros, Daylin"]
[Result "1/2-1/2"]
[WhiteElo "2160"]
[BlackElo "1902"]
[PlyCount "102"]
[EventDate "2018.05.22"]
[EventType "swiss"]
[EventRounds "9"]
[EventCountry "CUB"]
[SourceTitle "CBM 184 Extra"]
[Source "ChessBase"]
[SourceDate "2018.06.28"]
[SourceVersion "1"]
[SourceVersionDate "2018.06.28"]
[SourceQuality "1"]

1. e4 c5 2. Nf3 Nc6 3. d4 cxd4 4. Nxd4 g6 5. c4 Nf6 6. Nc3 d6 7. Be2 Nxd4 8. Qxd4 Bg7 9. Bg5 0-0 10. Qd2 Be6 11. Rc1 a5 12. b3 Qb6 13. 0-0 Qb4 14. f3 Rfe8 15. Be3 Nd7 16. a3 Bxc3 17. Qa2 Bd2 18. Bd4 Bxc1 19. axb4 axb4 20. Qb1 Bh6 21. f4 Nc5 22. f5 Bd7 23. fxg6 hxg6 24. Bxc5 dxc5 25. Qd3 Be6 26. e5 Red8 27. Qg3 Rd2 28. Bd3 Bg7 29. Re1 Ra3 30. Be4 Rb2 31. Rd1 Rbxb3 32. Qh4 Ra8 33. Qxe7 Rc3 34. Bxb7 Rf8 35. Qxc5 Bxc4 36. Qxb4 Bxe5 37. Qe7 Be6 38. Be4 Rc7 39. Qg5 Bg7 40. h4 Rc4 41. Bf3 Rd4 42. Re1 Bf5 43. g4 Bd3 44. h5 Rd6 45. h6 Bd4+ 46. Kh1 Bc3 47. Rc1 Bf6 48. Qf4 Rfd8 49. g5 Bb2 50. Rc7 Bf5 51. Qc4 Be6 1/2-1/2

[Event "Guillermo Garcia Memorial op 27th"]
[Site "Santa Clara"]
[Date "2018.05.28"]
[Round "6"]
[White "Blanco Garcia, Liliam Barbara"]
[Black "Magarino Carraleros, Daylin"]
[Result "1/2-1/2"]
[WhiteElo "2105"]
[BlackElo "1902"]
[PlyCount "40"]
[EventDate "2018.05.22"]
[EventType "swiss"]
[EventRounds "9"]
[EventCountry "CUB"]
[SourceTitle "CBM 184 Extra"]
[Source "ChessBase"]
[SourceDate "2018.06.28"]
[SourceVersion "1"]
[SourceVersionDate "2018.06.28"]
[SourceQuality "1"]

1. e4 c5 2. c3 Nf6 3. e5 Nd5 4. d4 cxd4 5. Nf3 Nc6 6. cxd4 d6 7. Bc4 Nb6 8. Bb5 dxe5 9. Nxe5 Bd7 10. Nxd7 Qxd7 11. Nc3 e6 12. 0-0 Be7 13. Qg4 Bf6 14. Rd1 h5 15. Qf3 a6 16. Bxc6 Qxc6 17. d5 Nxd5 18. Nxd5 exd5 19. Qa3 Qe6 20. Bf4 Be7 1/2-1/2

[Event "Guillermo Garcia Memorial op 27th"]
[Site "Santa Clara"]
[Date "2018.05.26"]
[Round "5"]
[White "Magarino Carraleros, Daylin"]
[Black "Lavigne Lopez, Raul Leonardo"]
[Result "0-1"]
[WhiteElo "1902"]
[BlackElo "2144"]
[PlyCount "102"]
[EventDate "2018.05.22"]
[EventType "swiss"]
[EventRounds "9"]
[EventCountry "CUB"]
[SourceTitle "CBM 184 Extra"]
[Source "ChessBase"]
[SourceDate "2018.06.28"]
[SourceVersion "1"]
[SourceVersionDate "2018.06.28"]
[SourceQuality "1"]

1. e4 e5 2. Nf3 Nc6 3. Bb5 a6 4. Ba4 Nf6 5. 0-0 b5 6. Bb3 Be7 7. Re1 d6 8. c3 0-0 9. h3 Na5 10. Bc2 c5 11. d4 Qc7 12. d5 Bd7 13. b3 Ne8 14. Nbd2 g6 15. Nf1 Ng7 16. Bh6 Nb7 17. c4 f6 18. a4 bxc4 19. bxc4 Nd8 20. Qe2 Nf7 21. Bd2 Rab8 22. Reb1 f5 23. Bc3 f4 24. N1d2 g5 25. Nh2 h5 26. f3 Nh6 27. Bd1 Rf6 28. Rxb8+ Qxb8 29. Rb1 Qc8 30. Nb3 Rg6 31. Na5 g4 32. hxg4 hxg4 33. Qb2 Qf8 34. Qb8 Be8 35. fxg4 Bh4 36. Qc8 Bg3 37. Nc6 f3 38. Bxf3 Bxh2+ 39. Kxh2 Qf4+ 40. Kh1 Nxg4 41. Bxg4 Rxg4 42. Ne7+ Kh7 43. Nf5 Qxe4 44. Rb2 Qxf5 45. Qxf5+ Nxf5 46. Rb7+ Kg6 47. Rb6 e4 48. Rxa6 e3 49. Kg1 Rxc4 50. Be1 Rc1 51. g4 Rxe1+ 0-1

[Event "CUB-ch U18 Girls"]
[Site "Camaguey"]
[Date "2017.06.23"]
[Round "4.11"]
[White "Labrada Bacallao, Grisel"]
[Black "Magarino Carraleros, Daylin"]
[Result "1-0"]
[WhiteElo "1958"]
[BlackElo "1933"]
[PlyCount "51"]
[EventDate "2017.06.21"]
[EventType "swiss"]
[EventRounds "9"]
[EventCountry "CUB"]
[SourceTitle "EXT 2023"]
[Source "ChessBase"]
[SourceDate "2022.10.05"]
[SourceVersion "1"]
[SourceVersionDate "2022.10.05"]
[SourceQuality "1"]

1. e4 c5 2. Nf3 Nc6 3. d3 g6 4. Nbd2 Bg7 5. g3 e6 6. Bg2 Nge7 7. 0-0 0-0 8. Re1 d6 9. c3 Rb8 10. h4 b5 11. h5 b4 12. c4 Nd4 13. Nxd4 cxd4 14. Nf3 Qa5 15. Bf4 Rb6 16. e5 dxe5 17. Bxe5 Qc5 18. Bxg7 Kxg7 19. Re5 Qc7 20. Re4 Nc6 21. Qd2 e5 22. Rh4 Re8 23. hxg6 fxg6 24. Qh6+ Kg8 25. Ng5 Qg7 26. Bd5+ 1-0

[Event "CUB-ch U18 Girls"]
[Site "Camaguey"]
[Date "2017.06.21"]
[Round "1.1"]
[White "Soler Guerra, Jennys Dailin"]
[Black "Magarino Carraleros, Daylin"]
[Result "1-0"]
[WhiteElo "2214"]
[BlackElo "1933"]
[PlyCount "65"]
[EventDate "2017.06.21"]
[EventType "swiss"]
[EventRounds "9"]
[EventCountry "CUB"]
[SourceTitle "EXT 2023"]
[Source "ChessBase"]
[SourceDate "2022.10.05"]
[SourceVersion "1"]
[SourceVersionDate "2022.10.05"]
[SourceQuality "1"]

1. d4 Nf6 2. Nf3 e6 3. e3 b6 4. Bd3 Bb7 5. 0-0 d5 6. Nbd2 Bd6 7. b3 0-0 8. Bb2 c5 9. Ne5 Nc6 10. f4 Nb4 11. Be2 Rc8 12. c3 Nc6 13. Rf3 Ne4 14. Bd3 Ne7 15. Rh3 f6 16. Bxe4 dxe4 17. Nec4 cxd4 18. cxd4 Bd5 19. Qh5 h6 20. g4 Nc6 21. Rf1 Bc7 22. Ba3 Ne7 23. g5 fxg5 24. fxg5 Rxf1+ 25. Nxf1 Nf5 26. gxh6 Nxh6 27. Qg6 Kh8 28. Ng3 Qe8 29. Rxh6+ gxh6 30. Qxh6+ Kg8 31. Nh5 Qxh5 32. Qxh5 b5 33. Be7 1-0

[Event "Barreras Memorial"]
[Site "Las Tunas"]
[Date "2017.04.14"]
[Round "7"]
[White "Salina Parra, Leandro"]
[Black "Magarino Carraleros, Daylin"]
[Result "1/2-1/2"]
[WhiteElo "1977"]
[BlackElo "1930"]
[PlyCount "48"]
[EventDate "2017.04.11"]
[EventType "tourn"]
[EventRounds "7"]
[EventCountry "CUB"]
[SourceTitle "EXT 2023"]
[Source "ChessBase"]
[SourceDate "2022.10.05"]
[SourceVersion "1"]
[SourceVersionDate "2022.10.05"]
[SourceQuality "1"]

1. c4 c5 2. Nf3 g6 3. g3 Bg7 4. Bg2 Nc6 5. Nc3 d6 6. 0-0 e5 7. d3 Nge7 8. Nd5 Nxd5 9. cxd5 Ne7 10. e4 0-0 11. Bd2 h6 12. b4 b6 13. a4 a5 14. bxa5 bxa5 15. Rb1 Qc7 16. Bc3 Bd7 17. Nd2 Rfb8 18. Qc2 Rb7 19. Rxb7 Qxb7 20. Rb1 Qc7 21. Nc4 Nc8 22. Bf3 Kh7 23. Bd1 Bf6 24. Qb3 Bd8 1/2-1/2

[Event "Moncada Cup"]
[Site "Santiago de Cuba"]
[Date "2017.03.29"]
[Round "10.3"]
[White "Rodriguez Perez, Carlos"]
[Black "Magarino Carraleros, Daylin"]
[Result "1-0"]
[WhiteElo "1923"]
[BlackElo "1933"]
[PlyCount "49"]
[EventDate "2017.03.21"]
[EventType "swiss"]
[EventRounds "10"]
[EventCountry "CUB"]
[SourceTitle "EXT 2023"]
[Source "ChessBase"]
[SourceDate "2022.10.05"]
[SourceVersion "1"]
[SourceVersionDate "2022.10.05"]
[SourceQuality "1"]

1. e4 c5 2. c3 Nf6 3. e5 Nd5 4. d4 cxd4 5. Nf3 Nc6 6. cxd4 d6 7. Nc3 dxe5 8. Nxe5 Nxc3 9. bxc3 Nxe5 10. dxe5 Qxd1+ 11. Kxd1 Bd7 12. Be3 e6 13. Rb1 Bc6 14. Bb5 0-0-0+ 15. Ke2 Rd5 16. Bxc6 bxc6 17. f4 Ra5 18. Rb2 Ba3 19. Rb3 Be7 20. Rhb1 Rxa2+ 21. Kf3 Bd8 22. Rb8+ Kd7 23. R1b7+ Ke8 24. Bc5 g6 25. Re7+ 1-0

[Event "Moncada Cup"]
[Site "Santiago de Cuba"]
[Date "2017.03.26"]
[Round "7.2"]
[White "Blanco Hechavarria, Gerardo"]
[Black "Magarino Carraleros, Daylin"]
[Result "0-1"]
[WhiteElo "1908"]
[BlackElo "1933"]
[PlyCount "29"]
[EventDate "2017.03.21"]
[EventType "swiss"]
[EventRounds "10"]
[EventCountry "CUB"]
[SourceTitle "EXT 2023"]
[Source "ChessBase"]
[SourceDate "2022.10.05"]
[SourceVersion "1"]
[SourceVersionDate "2022.10.05"]
[SourceQuality "1"]

1. d4 Nf6 2. Nf3 e6 3. c4 b6 4. a3 c5 5. dxc5 Bxc5 6. Bg5 Bxf2+ 7. Kxf2 Ne4+ 8. Kg1 Nxg5 9. Nc3 Ba6 10. h4 Nxf3+ 11. exf3 0-0 12. Qd6 Qc8 13. Kh2 Bxc4 14. Rc1 Bxf1 15. Rhxf1 0-1

[Event "Moncada Cup"]
[Site "Santiago de Cuba"]
[Date "2017.03.22"]
[Round "3.3"]
[White "Reyes Perez, Rafael"]
[Black "Magarino Carraleros, Daylin"]
[Result "0-1"]
[WhiteElo "1933"]
[BlackElo "1933"]
[PlyCount "32"]
[EventDate "2017.03.21"]
[EventType "swiss"]
[EventRounds "10"]
[EventCountry "CUB"]
[SourceTitle "EXT 2023"]
[Source "ChessBase"]
[SourceDate "2022.10.05"]
[SourceVersion "1"]
[SourceVersionDate "2022.10.05"]
[SourceQuality "1"]

1. e4 c5 2. Nf3 Nc6 3. c3 Nf6 4. e5 Nd5 5. d4 cxd4 6. cxd4 d6 7. Bc4 Nb6 8. Bb3 dxe5 9. Ng5 e6 10. Qf3 Qf6 11. dxe5 Qxe5+ 12. Be3 Bb4+ 13. Nc3 Bxc3+ 14. bxc3 Qxc3+ 15. Ke2 Qb2+ 16. Kd3 Ne5+ 0-1

[Event "Chessung (Women)"]
[Site "Guantanamo"]
[Date "2017.02.16"]
[Round "1.1"]
[White "Cabrera Ladron de Guevara, Mayra"]
[Black "Magarino Carraleros, Daylin"]
[Result "1-0"]
[WhiteElo "2078"]
[BlackElo "1933"]
[PlyCount "73"]
[EventDate "2017.02.16"]
[EventType "tourn"]
[EventRounds "10"]
[EventCountry "CUB"]
[SourceTitle "EXT 2023"]
[Source "ChessBase"]
[SourceDate "2022.10.05"]
[SourceVersion "1"]
[SourceVersionDate "2022.10.05"]
[SourceQuality "1"]

1. e4 c5 2. Nf3 Nc6 3. Bb5 e6 4. Bxc6 dxc6 5. Nc3 Qc7 6. e5 Ne7 7. 0-0 Ng6 8. Re1 Be7 9. d3 Bd7 10. Qe2 0-0-0 11. a4 a5 12. Qe4 f6 13. Qc4 b6 14. Ne4 Kb8 15. g3 Ka7 16. Nc3 Bc8 17. b4 Ba6 18. b5 cxb5 19. Nxb5+ Bxb5 20. axb5 Qb7 21. Re4 Qd5 22. Qa4 f5 23. Re3 h5 24. Bd2 Kb7 25. h4 f4 26. Re4 fxg3 27. fxg3 Rhf8 28. Ng5 Nxe5 29. Bf4 Bf6 30. Rae1 Bxg5 31. Rxe5 Qf3 32. Rxg5 Rd4 33. Rxg7+ Ka8 34. Qa1 Rdxf4 35. gxf4 Qxf4 36. Rg2 Qxh4 37. Qe5 1-0

[Event "Granma Oriental zt (Women)"]
[Site "Granma"]
[Date "2016.11.27"]
[Round "11.5"]
[White "Magarino Carraleros, Daylin"]
[Black "Soler Guerra, Jennys Dailin"]
[Result "1/2-1/2"]
[WhiteElo "1925"]
[BlackElo "1962"]
[PlyCount "24"]
[EventDate "2016.11.21"]
[EventType "tourn"]
[EventRounds "11"]
[EventCountry "CUB"]
[SourceTitle "EXT 2023"]
[Source "ChessBase"]
[SourceDate "2022.10.05"]
[SourceVersion "1"]
[SourceVersionDate "2022.10.05"]
[SourceQuality "1"]

1. e4 c5 2. Nf3 e6 3. c3 Nc6 4. d4 cxd4 5. cxd4 d6 6. Nc3 Nf6 7. Be2 Be7 8. 0-0 0-0 9. h3 a6 10. Be3 Qc7 11. Rc1 Qb8 12. a3 b5 1/2-1/2

[Event "Granma Oriental zt (Women)"]
[Site "Granma"]
[Date "2016.11.23"]
[Round "4.3"]
[White "Magarino Carraleros, Daylin"]
[Black "Mosquera Cayon, Danet"]
[Result "0-1"]
[WhiteElo "1925"]
[BlackElo "2047"]
[PlyCount "51"]
[EventDate "2016.11.21"]
[EventType "tourn"]
[EventRounds "11"]
[EventCountry "CUB"]
[SourceTitle "EXT 2023"]
[Source "ChessBase"]
[SourceDate "2022.10.05"]
[SourceVersion "1"]
[SourceVersionDate "2022.10.05"]
[SourceQuality "1"]

1. e4 d5 2. exd5 Qxd5 3. Nc3 Qa5 4. d4 Nf6 5. Bc4 Nc6 6. Nge2 Bf5 7. Bd2 Nb4 8. Bb3 0-0-0 9. 0-0 e6 10. a4 Qa6 11. Nb5 c6 12. Na3 Be7 13. Qe1 Nfd5 14. Bxd5 Nxd5 15. c4 Nf6 16. Bb4 Bxb4 17. Qxb4 Bd3 18. Rfe1 Bxe2 19. Rxe2 Rxd4 20. Qc3 Rhd8 21. Ree1 Rd3 22. Qe5 Qb6 23. Rec1 Rd2 24. Qg3 R8d3 25. Qh4 Qxb2 26. Nb1 0-1

[Event "Granma Oriental zt (Women)"]
[Site "Granma"]
[Date "2016.11.22"]
[Round "3.4"]
[White "Almaguer Merino, Yamisleydis"]
[Black "Magarino Carraleros, Daylin"]
[Result "1/2-1/2"]
[WhiteElo "1729"]
[BlackElo "1925"]
[PlyCount "54"]
[EventDate "2016.11.21"]
[EventType "tourn"]
[EventRounds "11"]
[EventCountry "CUB"]
[SourceTitle "EXT 2023"]
[Source "ChessBase"]
[SourceDate "2022.10.05"]
[SourceVersion "1"]
[SourceVersionDate "2022.10.05"]
[SourceQuality "1"]

1. d4 Nf6 2. c4 e6 3. Nf3 b6 4. Bg5 Be7 5. Nc3 Bb7 6. e3 0-0 7. Bd3 d5 8. 0-0 Ne4 9. Bxe7 Qxe7 10. Qc2 f5 11. Ne5 Nd7 12. f4 Rac8 13. Nxe4 dxe4 14. Be2 Nxe5 15. dxe5 Qc5 16. Qc3 a5 17. a3 a4 18. Rfd1 Rcd8 19. Kf2 Qe7 20. Rd2 g5 21. g3 gxf4 22. gxf4 Qh4+ 23. Kg2 Rxd2 24. Qxd2 Rf7 25. Rg1 Rg7+ 26. Kh1 Rxg1+ 27. Kxg1 Qe7 1/2-1/2